Des termes extrêmes des biens et des maux

Saved in:
Bibliografiske detaljer
Hovedforfatter: Cicerón, Marco Tulio (autor)
Format: Bog
Sprog:fransk
latin
Udgivet: París Les Belles Lettres 1928
Serier:Collection des Universités de France
Fag:
Tags: Tilføj Tag
Ingen Tags, Vær først til at tagge denne postø!

MARC

LEADER 00000nam a2200000 a 4500
001 UCZ4277
003 CL-VaPUC
008 951106e19280000FR |||||||||||||||||fre|d
041 0 7 |a fre  |2 CL-VaPUC 
041 0 7 |a lat  |2 CL-VaPUC 
082 0 4 |a 186.3  |b CIC  |2 21 
100 |a Cicerón, Marco Tulio  |e autor  |9 255203 
245 1 0 |a Des termes extrêmes des biens et des maux 
300 |a v 
942 |c BK 
945 |d 19951106 00:00:00  |a lriquelm 
260 |a París  |b Les Belles Lettres  |c 1928 
500 |a v.1: Livres I-II 
500 |a v.2: Livres III-IV 
650 7 |a ECLECTICISMO  |2 CL-VaPUC  |9 348248 
650 0 |a Filosofía romana   |9 344946 
650 0 |a Escuelas filosóficas   |9 266232 
650 0 |a Virtud y vicio  |9 310637 
583 |a last modification  |c 19951106 00:00:00  |k Rodrigo Vera 
490 0 |a Collection des Universités de France 
999 |c 240690  |d 240688 
952 |0 0  |1 0  |4 0  |6 186_300000000000000_CIC_1928  |7 0  |8 P  |9 252685  |a BIBEDU  |b BIBEDU  |c BIBEDU_PB  |d 2019-11-18  |h v.1  |i 1594710  |o 186.3 CIC 1928  |p 1594710  |r 2024-01-25  |w 2019-11-18  |y BK  |k FIL 
952 |0 0  |1 0  |4 0  |6 186_300000000000000_CIC_1928  |7 0  |8 P  |9 252686  |a BIBEDU  |b BIBEDU  |c BIBEDU_PB  |d 2019-11-18  |h v.2  |i 1594729  |o 186.3 CIC 1928  |p 1594729  |r 2024-01-25  |w 2019-11-18  |y BK  |k FIL 
952 |0 0  |1 0  |4 0  |6 186_300000000000000_CIC_1928  |7 0  |8 X  |9 252687  |a BIBART  |b BIBART  |d 2019-11-18  |h v.1  |i 1205765  |o 186.3 CIC 1928  |p 1205765  |r 2025-03-13  |w 2019-11-18  |y BK_X  |k ART 
952 |0 0  |1 0  |4 0  |6 186_300000000000000_CIC_1928  |7 0  |8 X  |9 252688  |a BIBART  |b BIBART  |d 2019-11-18  |h v.2  |i 1205773  |o 186.3 CIC 1928  |p 1205773  |r 2025-03-13  |w 2019-11-18  |y BK_X  |k ART